000 00723nam a2200265Ia 4500
005 20260121172723.0
008 008 260114s9999 xx 000 0 eng d
020 _a9789811620362
037 _aEBOOK
040 _aCRL
040 _beng
040 _cCRL
041 _2eng
041 _aeng
084 _qCRL
100 _aKelechi Johnmary Ani, Victor Ojakorotu, Kelvin Bribena
_91091914
245 0 _aPolitical Economy of Resource, Human Security and Environmental Conflicts in Africa
260 _bSpringer
260 _bSpringer
260 _c2021
856 _uhttps://link.springer.com/openurl?genre=book&isbn=978-981-16-2036-2
942 _cEBOOK
999 _c1657654
_d1657654